[Event "Judewicz Memorial U2200 sf 4th"]
[Site "Mar del Plata"]
[Date "2017.09.22"]
[Round "1.4"]
[White "Bianchi, Albino Angel"]
[Black "Morales, Guillermo"]
[Result "1-0"]
[WhiteElo "2094"]
[BlackElo "1679"]
[PlyCount "61"]
[EventDate "2017.09.22"]
[EventType "swiss"]
[EventRounds "7"]
[EventCountry "ARG"]
[SourceTitle "EXT 2024"]
[Source "ChessBase"]
[SourceDate "2023.10.10"]
[SourceVersion "1"]
[SourceVersionDate "2023.10.10"]
[SourceQuality "1"]

1. d4 d5 2. e4 Nc6 3. Nc3 e6 4. Nf3 Bb4 5. e5 Nge7 6. Bd3 Nf5 7. a3 Ba5 8. 0-0 h6 9. Ne2 Nh4 10. Nxh4 Qxh4 11. c3 h5 12. f4 g6 13. Be3 Qd8 14. Qd2 Ne7 15. b4 Bb6 16. f5 exf5 17. Bg5 c6 18. Bf6 Rh7 19. Nf4 Qd7 20. Rae1 Bd8 21. Nh3 Ng8 22. Ng5 Rh6 23. e6 fxe6 24. Rxe6+ Kf8 25. Bxd8 Qxd8 26. Qe3 Kg7 27. Qe5+ Kf8 28. Bxf5 gxf5 29. Rxf5+ Nf6 30. Rfxf6+ Rxf6 31. Rxf6+ 1-0

[Event "Tandil-ch"]
[Site "Tandil"]
[Date "2016.11.24"]
[Round "3.1"]
[White "Bianchi, Albino Angel"]
[Black "Ballent, Jorge"]
[Result "0-1"]
[WhiteElo "2177"]
[BlackElo "2161"]
[PlyCount "52"]
[EventDate "2016.11.22"]
[EventType "tourn"]
[EventRounds "6"]
[EventCountry "ARG"]
[SourceTitle "EXT 2024"]
[Source "ChessBase"]
[SourceDate "2023.10.10"]
[SourceVersion "1"]
[SourceVersionDate "2023.10.10"]
[SourceQuality "1"]

1. e4 c5 2. Nc3 Nc6 3. Nf3 g6 4. Bb5 Bg7 5. 0-0 d6 6. d4 cxd4 7. Nxd4 Bd7 8. Be3 Nf6 9. Be2 0-0 10. Kh1 a6 11. Nb3 b5 12. a3 Ne5 13. Nd2 Neg4 14. Bg5 h6 15. Bh4 Rc8 16. h3 Ne5 17. Nd5 Nxd5 18. exd5 Bf5 19. Rc1 Qc7 20. f4 Nc4 21. Bxc4 bxc4 22. g4 Bd7 23. c3 Rb8 24. Rb1 Rb5 25. Nf3 Qb7 26. Qc2 Rxd5 0-1

[Event "Tandil-ch"]
[Site "Tandil"]
[Date "2016.11.23"]
[Round "2.2"]
[White "Bernardo, Walter"]
[Black "Bianchi, Albino Angel"]
[Result "0-1"]
[WhiteElo "2252"]
[BlackElo "2177"]
[PlyCount "100"]
[EventDate "2016.11.22"]
[EventType "tourn"]
[EventRounds "6"]
[EventCountry "ARG"]
[SourceTitle "EXT 2024"]
[Source "ChessBase"]
[SourceDate "2023.10.10"]
[SourceVersion "1"]
[SourceVersionDate "2023.10.10"]
[SourceQuality "1"]

1. e4 e5 2. Nf3 Nc6 3. Bc4 Nf6 4. d3 Be7 5. 0-0 0-0 6. c3 d5 7. exd5 Nxd5 8. Re1 Re8 9. Nxe5 Nxe5 10. Rxe5 c6 11. Nd2 Nb6 12. Qe2 Nxc4 13. Nxc4 b5 14. Na5 Bd7 15. Bf4 Bf6 16. Rxe8+ Qxe8 17. Qf3 Qe6 18. a3 Re8 19. Be3 Bg5 20. Re1 Qa2 21. Rf1 Bf6 22. Qe2 Bxc3 23. Nb7 Qxb2 24. Qf3 Bd4 25. Qf4 Be5 26. Qf3 Rb8 27. Nc5 Be8 28. Qe4 Bf6 29. d4 Qa2 30. Bf4 Ra8 31. Re1 h6 32. Na6 Bd7 33. Nc7 Rd8 34. Bd6 Be6 35. Be5 Bxe5 36. Qxe5 Qc4 37. Rd1 Qa4 38. Rd3 Qc4 39. Rd1 Qc2 40. Re1 Qf5 41. Qe3 Qf6 42. Rd1 Bc4 43. h3 Qd6 44. Na6 Kf8 45. Qc3 Re8 46. Nc5 Kg8 47. Qa5 Qf6 48. Qxa7 Re2 49. Qa8+ Kh7 50. Qxc6 Qxc6 0-1

[Event "Judewicz Memorial U2200"]
[Site "Mar del Plata"]
[Date "2016.09.16"]
[Round "2.3"]
[White "Bergo, Mario Luis"]
[Black "Bianchi, Albino Angel"]
[Result "0-1"]
[WhiteElo "1811"]
[BlackElo "2082"]
[PlyCount "36"]
[EventDate "2016.09.16"]
[EventType "swiss"]
[EventRounds "7"]
[EventCountry "ARG"]
[SourceTitle "EXT 2024"]
[Source "ChessBase"]
[SourceDate "2023.10.10"]
[SourceVersion "1"]
[SourceVersionDate "2023.10.10"]
[SourceQuality "1"]

1. e4 e5 2. Nf3 Nc6 3. Bb5 f5 4. Nc3 fxe4 5. Nxe4 Nf6 6. Ng3 e4 7. Qe2 d5 8. Nd4 Bd7 9. Nxc6 bxc6 10. Ba4 Bc5 11. d3 0-0 12. Be3 d4 13. dxe4 dxe3 14. Qc4+ Kh8 15. Qxc5 exf2+ 16. Kf1 Qe8 17. Qd4 Rd8 18. Rd1 c5 0-1

[Event "Mar del Plata op 40th"]
[Site "Mar del Plata"]
[Date "2009.04.10"]
[Round "7"]
[White "Flores Mirabal, Nancy"]
[Black "Bianchi, Albino Angel"]
[Result "0-1"]
[WhiteElo "1884"]
[BlackElo "2102"]
[PlyCount "104"]
[EventDate "2009.04.05"]
[EventType "swiss"]
[EventRounds "9"]
[EventCountry "ARG"]
[SourceTitle "CBM 129 Extra"]
[Source "ChessBase"]
[SourceDate "2009.05.05"]
[SourceVersion "2"]
[SourceVersionDate "2009.05.20"]
[SourceQuality "1"]

1. Nf3 c5 2. g3 g6 3. Bg2 Bg7 4. d3 d5 5. Nbd2 Nf6 6. e4 0-0 7. c3 Nc6 8. e5 Nd7 9. d4 cxd4 10. cxd4 f6 11. Nb3 fxe5 12. dxe5 e6 13. h4 Ndxe5 14. Bg5 Qb6 15. 0-0 Nxf3+ 16. Bxf3 Bxb2 17. Rb1 Bg7 18. h5 Qc7 19. hxg6 hxg6 20. Kg2 b6 21. Rh1 Bb7 22. Nd2 Nd4 23. Bg4 Qf7 24. f3 e5 25. Qg1 Ne6 26. Be3 Rfe8 27. Qh2 Bf6 28. Qh3 Rac8 29. Rh2 Rc2 30. Rbh1 Kf8 31. Bxe6 Rxe6 32. Qg4 e4 33. Kg1 exf3 34. Rh7 Bg7 35. Qg5 Rxd2 36. Rh8+ Bxh8 37. Rxh8+ Kg7 38. Qh6+ Kf6 39. Qh4+ Ke5 40. Bf4+ Ke4 41. Bxd2+ Kd3 42. Kf1 Re4 43. Qg5 Qg7 44. Rd8 Qa1+ 45. Kf2 Re2+ 46. Kxf3 d4+ 47. Kg4 Rxd2 48. Qb5+ Kc2 49. Qb3+ Kc1 50. Re8 Rd1 51. Re2 Qc3 52. Qb5 Bf3+ 0-1

[Event "Mar del Plata op 39th"]
[Site "Mar del Plata"]
[Date "2008.03.20"]
[Round "7"]
[White "Ortiz, Jorge Daniel"]
[Black "Bianchi, Albino Angel"]
[Result "1/2-1/2"]
[WhiteElo "1912"]
[BlackElo "2114"]
[PlyCount "95"]
[EventDate "2008.03.15"]
[EventType "swiss"]
[EventRounds "9"]
[EventCountry "ARG"]
[SourceTitle "CBM 123 Extra"]
[Source "ChessBase"]
[SourceDate "2008.05.06"]
[SourceVersion "1"]
[SourceVersionDate "2008.05.06"]
[SourceQuality "1"]

1. Nf3 Nf6 2. g3 g6 3. Bg2 Bg7 4. 0-0 0-0 5. d4 d6 6. Nbd2 Nc6 7. c3 e5 8. e4 exd4 9. cxd4 Bg4 10. Qc2 Re8 11. Re1 d5 12. e5 Nd7 13. a3 Nb6 14. b3 Qd7 15. Bb2 Bf5 16. Qc3 Re7 17. a4 a5 18. Ba3 Ree8 19. Nf1 f6 20. exf6 Bxf6 21. Bc5 Qf7 22. Ne3 Be6 23. Rad1 Rad8 24. Bf1 Nd7 25. Bb5 Nxc5 26. Qxc5 Be7 27. Qc2 Bb4 28. Bxc6 bxc6 29. Qxc6 Bxe1 30. Rxe1 Qd7 31. Qc5 Ra8 32. Ne5 Qd6 33. Rc1 Reb8 34. Qc2 Rb7 35. f4 Rf8 36. Nxg6 Rf6 37. Ne5 Qb4 38. Qc6 Rb8 39. f5 Qxd4 40. N5g4 Rbf8 41. Nxf6+ Rxf6 42. Qe8+ Kg7 43. Rxc7+ Bf7 44. Qe7 Qd2 45. Qe5 Qe1+ 46. Kg2 Qe2+ 47. Kg1 Qe1+ 48. Kg2 1/2-1/2

[Event "Olavarria op 6th"]
[Site "Olavarria"]
[Date "2006.02.23"]
[Round "1.4"]
[White "Bianchi, Albino Angel"]
[Black "Perdomo, Leandro Daniel"]
[Result "0-1"]
[WhiteElo "2173"]
[BlackElo "2343"]
[PlyCount "50"]
[EventDate "2006.02.23"]
[EventType "swiss"]
[EventRounds "5"]
[EventCountry "ARG"]
[SourceTitle "CBM 110 Extra"]
[Source "ChessBase"]
[SourceDate "2006.03.10"]
[SourceVersion "2"]
[SourceVersionDate "2006.03.10"]
[SourceQuality "1"]

1. e4 e5 2. Nf3 Nc6 3. Bc4 Nf6 4. d3 Be7 5. c3 0-0 6. 0-0 d5 7. exd5 Nxd5 8. Re1 Bg4 9. h3 Bh5 10. Nbd2 Nf4 11. Nf1 Na5 12. Bb5 a6 13. Bxf4 exf4 14. Ba4 b5 15. Bc2 c5 16. Re5 Bg6 17. Qd2 Nc6 18. Re2 Qd6 19. d4 Bxc2 20. Qxc2 cxd4 21. cxd4 Bf6 22. Rd1 Nxd4 23. Nxd4 Bxd4 24. Qd2 Rad8 25. Rc1 f3 0-1

[Event "Olavarria Magistral op 5th"]
[Site "Olavarria"]
[Date "2005.02.27"]
[Round "7"]
[White "Bianchi, Albino Angel"]
[Black "Giampa, Alejandro"]
[Result "0-1"]
[WhiteElo "2180"]
[BlackElo "2231"]
[PlyCount "48"]
[EventDate "2005.02.24"]
[EventType "swiss"]
[EventRounds "7"]
[EventCountry "ARG"]
[SourceTitle "CBM 105 Extra"]
[Source "ChessBase"]
[SourceDate "2005.05.01"]
[SourceVersion "1"]
[SourceVersionDate "2005.05.01"]
[SourceQuality "1"]

1. e4 c5 2. Nf3 Nc6 3. Nc3 g6 4. Bb5 Bg7 5. Bxc6 dxc6 6. d3 e5 7. Be3 Qd6 8. Nd2 Be6 9. Nb3 b6 10. Qe2 Nf6 11. 0-0 Nh5 12. a4 0-0 13. a5 Nf4 14. Bxf4 exf4 15. Ra3 b5 16. Raa1 c4 17. dxc4 Bxc4 18. Rfd1 Qb4 19. Qd2 Bxb3 20. cxb3 Qxb3 21. Ra3 Qe6 22. b4 Qe7 23. Qd6 Qxd6 24. Rxd6 Rfd8 0-1

[Event "Olavarria Magistral op 5th"]
[Site "Olavarria"]
[Date "2005.02.24"]
[Round "1"]
[White "Mahia, Gustavo"]
[Black "Bianchi, Albino Angel"]
[Result "1-0"]
[WhiteElo "2364"]
[BlackElo "2180"]
[PlyCount "65"]
[EventDate "2005.02.24"]
[EventType "swiss"]
[EventRounds "7"]
[EventCountry "ARG"]
[SourceTitle "CBM 105 Extra"]
[Source "ChessBase"]
[SourceDate "2005.05.01"]
[SourceVersion "1"]
[SourceVersionDate "2005.05.01"]
[SourceQuality "1"]

1. d4 Nf6 2. c4 e6 3. Nc3 c5 4. d5 exd5 5. cxd5 d6 6. e4 g6 7. Nf3 Bg7 8. h3 0-0 9. Bd3 Na6 10. 0-0 Nc7 11. Re1 Rb8 12. a4 b6 13. Bg5 h6 14. Bf4 a6 15. Qd2 Kh7 16. Bh2 b5 17. axb5 axb5 18. b4 cxb4 19. Ne2 Nfxd5 20. exd5 Bxa1 21. Rxa1 Qf6 22. Rc1 Qe7 23. Ned4 Rb6 24. Nc6 Qf6 25. Nxb4 Na6 26. Nxa6 Bxa6 27. Bf4 Qg7 28. Be3 Rbb8 29. Bd4 Qg8 30. Ng5+ hxg5 31. Qxg5 f6 32. Qh5+ Kg7 33. Qxg6+ 1-0